000 00464nam a2200181Ia 4500
001 2268
005 20260306143829.0
008 260306t2015||||xx |||||||||||||| ||spa||
041 _aESP
082 _a616.8527
_bF35
100 _aFeixas Viaplana, Guillem
_eAUT
245 0 _aManual de intervención centrada en dilemas para la depresión
260 _c2015
300 _a212 páginas :
_c21 cm.
650 _aGEN
654 _aCPS
942 _cLIB
_dJUS
_fJUS
_2ddc
_n
999 _c2268
_d2268